Gender budgeting : (Record no. 104469)

MARC details
000 -LEADER
fixed length control field 00615nam a22001937a 4500
005 - DATE AND TIME OF LATEST TRANSACTION
control field 20161104150312.0
010 ## - LCCN (DPL NO)
LC control number ENG-116426
020 ## - INTERNATIONAL STANDARD BOOK NUMBER
International Standard Book Number 9788179104743
Terms of availability 800.00
035 ## - SYSTEM CONTROL NUMBER
System control number EN-99958
037 ## - SOURCE OF ACQUISITION
Source of stock number/acquisition DBAD/PUB
082 ## - DEWEY DECIMAL CLASSIFICATION NUMBER
Classification number 352.480954
100 ## - MAIN ENTRY--PERSONAL NAME
Personal name Shah,Mita Ashish
245 ## - TITLE STATEMENT
Title Gender budgeting :
Statement of responsibility, etc by Mita Ashish Shah
Remainder of title contemporary Issues and remedies /
260 ## - PUBLICATION, DISTRIBUTION, ETC. (IMPRINT)
Place of publication, distribution, etc Jaipur
Name of publisher, distributor, etc Aavishkar Publishers, Didtributors
Date of publication, distribution, etc 2014
270 ## - ADDRESS
Address 807,Vyas Building,Chaura Rasta
City Jaipur(Raj)
Postal code 300003
300 ## - PHYSICAL DESCRIPTION
Extent vi,192p.
Dimensions 21cm(Hb)
500 ## - GENERAL NOTE
General note Includes index
942 ## - ADDED ENTRY ELEMENTS (KOHA)
Source of classification or shelving scheme Dewey Decimal Classification
Item type English Books
Classification part 352.480954
Call number suffix SHA
Holdings
Withdrawn status Lost status Not for loan Collection code Home library Current library Date acquired Source of acquisition Cost, normal purchase price Full call number Barcode Copy number Cost, replacement price Koha item type
    Not For Loan Non-fiction D.B.Act.Division Bawana 04/11/2016 DBAD/PUB 800.00 352.480954 SHA EN-99958 1 800.00 English Books

© Delhi Public Library
Hit Counter
free hit counter